MyGZULibrary

Organizational change : (Record no. 3215)

MARC details
000 -LEADER
fixed length control field 01171cam a2200337 i 4500
001 - CONTROL NUMBER
control field 18511413
003 - CONTROL NUMBER IDENTIFIER
control field GZU
005 - DATE AND TIME OF LATEST TRANSACTION
control field 20201123102810.0
008 - FIXED-LENGTH DATA ELEMENTS--GENERAL INFORMATION
fixed length control field 150302s2016 cau 001 0 eng
010 ## - LIBRARY OF CONGRESS CONTROL NUMBER
LC control number 2015006458
020 ## - INTERNATIONAL STANDARD BOOK NUMBER
International Standard Book Number 9781483359304 (pbk. : alk. paper)
040 ## - CATALOGING SOURCE
Original cataloging agency DLC
Language of cataloging eng
Transcribing agency DLC
Description conventions rda
Modifying agency DLC
042 ## - AUTHENTICATION CODE
Authentication code pcc
050 00 - LIBRARY OF CONGRESS CALL NUMBER
Classification number HD58.8
Item number .CAW 2016
082 00 - DEWEY DECIMAL CLASSIFICATION NUMBER
Classification number 658.4/06
Edition number 23
100 1# - MAIN ENTRY--PERSONAL NAME
Personal name Cawsey, T. F.
245 10 - TITLE STATEMENT
Title Organizational change :
Remainder of title an action-oriented toolkit /
Statement of responsibility, etc. Tupper F. Cawsey, Wilfrid Laurier University, Gene Deszca, Wilfrid Laurier University, Cynthia Ingols, Simmons College.
250 ## - EDITION STATEMENT
Edition statement Third edition.
264 #1 - PRODUCTION, PUBLICATION, DISTRIBUTION, MANUFACTURE, AND COPYRIGHT NOTICE
Place of production, publication, distribution, manufacture Los Angeles :
Name of producer, publisher, distributor, manufacturer SAGE,
Date of production, publication, distribution, manufacture, or copyright notice [2016]
300 ## - PHYSICAL DESCRIPTION
Extent 180 pages ;
Dimensions 28 cm
336 ## - CONTENT TYPE
Content type term text
Source rdacontent
337 ## - MEDIA TYPE
Media type term unmediated
Source rdamedia
338 ## - CARRIER TYPE
Carrier type term volume
Source rdacarrier
500 ## - GENERAL NOTE
General note Includes index.
650 #0 - SUBJECT ADDED ENTRY--TOPICAL TERM
Topical term or geographic name entry element Organizational change.
700 1# - ADDED ENTRY--PERSONAL NAME
Personal name Deszca, Gene.
700 1# - ADDED ENTRY--PERSONAL NAME
Personal name Ingols, Cynthia.
906 ## - LOCAL DATA ELEMENT F, LDF (RLIN)
a 7
b cbc
c orignew
d 1
e ecip
f 20
g y-gencatlg
942 ## - ADDED ENTRY ELEMENTS (KOHA)
Source of classification or shelving scheme Library of Congress Classification
Koha item type Books
Classification part 58.8
Item part CAW
Call number prefix HD
Holdings
Withdrawn status Lost status Damaged status Not for loan Collection code Home library Current library Shelving location Date acquired Total Checkouts Full call number Barcode Date last seen Copy number Price effective from Koha item type
        Non-fiction City Campus Library City Campus Library General Stacks 11/23/2020   HD 58.8 CAW 2016 028837 11/23/2020 c.1 11/23/2020 Books